000 00864cab a2200241 4500
001 ABS60045
008 090401t1999 xxu||||| |||| 00| 0 eng d
035 _a(Sirsi) u90585
041 _aeng
100 _aBarber, V.
245 _aAre fears about GM crops justified? The NFU view
260 _c1999
350 _a0
490 _aCSM
_bChartered Surveyor Monthly
_v8(5) January 1999, 56-57(2)
520 _aDicussion which exposes the need for organic farmers to be protected if GM crops are to be grown commercially in the UK. Reviews developments and implications of growing GM crops. Includes information on the NFU code of practice and policy recommendations.
650 _aCODES OF PRACTICE
650 _aGENETICALLY MODIFIED CROPS
650 _aNFU
650 _aORGANIC FARMS
690 _aRURAL PRACTICE
942 _n0
948 _c08/01/1999
999 _c57444
_d57444